000 00755nam a2200229Ia 4500
008 191130s2000##################000#0#eng##
020 _a9780792361565
040 _aACL
_cACL
082 _a592.48 FRI
245 _aEchinostomes as experimental models for biological research
_cedited by Bernard Fried and Thaddeus K. Graczyk
250 _a1st ed
260 _aDordrecht ; Boston
_bKluwer Academic Press
_c2000
300 _aix,273 p. : ill.(some col.) ; 25 cm
500 _aIncludes bibliographical references and index
650 _aAnimal models in research
650 _aEchinostomatidae
700 _aFried, Bernard
700 _aGraczyk, Thaddeus K
990 _a8a33af0aac10000c5fb8372b6b5b5a80
991 _a198908
999 _c257805
_d257805